|
|
|
|
| LEADER |
00606nam a22001697a 4500 |
| 020 |
|
|
|a 9789350725788
|
| 082 |
|
|
|a H891.43 092
|b CHA/H
|
| 100 |
|
|
|a Champa Srivastav
|9 6541
|
| 245 |
|
|
|a Hindi ka aatmakathathmak sahitya/
|c by Champa Srivastav.
|
| 260 |
|
|
|a New Delhi:
|b Vani Pakasan,
|c c 2013.
|
| 300 |
|
|
|a 260p.
|
| 650 |
|
|
|a Biography Hindi Literature
|9 6542
|
| 650 |
|
|
|a Literature Hindi
|9 6543
|
| 650 |
|
|
|a Literature
|9 6544
|
| 942 |
|
|
|c BK
|
| 999 |
|
|
|c 63413
|d 63413
|
| 952 |
|
|
|0 0
|1 0
|4 0
|6 H_891_430000000000000_092_CHA_H
|7 0
|9 84951
|a SSUS
|b SSUS
|c STACKS
|d 2016-11-11
|g 400.00
|o H891.43 092 CHA/H
|p 082644
|r 2016-11-11
|w 2016-11-11
|y BK
|